Nursing ethics : across the curriculum and into practice (Record no. 8160)

MARC details
000 -LEADER
fixed length control field 01004nam a2200193 4500
020 ## - INTERNATIONAL STANDARD BOOK NUMBER
ISBN 978-1-4496-1-2218-3
050 ## - CALL NUMBER
Classification number RT85
Item number .B97
100 ## - AUTHOR
Personal name Butts, Janie B.
245 ## - TITLE
Title Nursing ethics : across the curriculum and into practice
Statement of responsibility, etc by Janie B. Butts and Karen L. Rich.
250 ## - EDITION
Edition statement 3rd ed.
260 ## - PUBLICATION INFORMATION
Place of publication Burlington, MA
Year of publication 2013
300 ## - DESCRIPTION
Number of Pages 467pg
500 ## - NOTES
General note Includes index
505 ## - FORMATTED CONTENTS NOTE
Table of Content Introduction to ethics.<br/>Introduction to Bioethics and Ethical decision making.<br/>Ethics in professional nursing practice.<br/>Reproductive issues and nursing ethics.<br/>Infant and child nursing ethics.<br/>Adolescent nursing ethics.<br/>Adult health nursing ethics.<br/>Ethics and the nursing care of elders.<br/>Ethical issues in End-of-life nursing care.<br/>Psychiatric/mental health nursing ethics.<br/>Public health nursing ethics.<br/>Ethics in organizations and leadership.
650 ## - SUBJECTS
Topical Term Ethics, nursing.
650 ## - SUBJECTS
Topical Term Nurse-patient relations--ethics.
700 ## - OTHER AUTHORS
Personal name Rich, Karen L.
942 ## - ADDED ENTRY ELEMENTS (KOHA)
Koha item type Books
260 ## - PUBLICATION INFORMATION
-- Jones & Bartlett Learning
Holdings
Withdrawn status Lost status Home library Current library Shelving location Date acquired Full call number Accession Number Koha item type
    Methodist University Library Main Methodist University Library Main General Stacks 07/12/2021 RT85 .B97 8516 Books
Copyright © 2026  MUG Library